Eraclito i frammenti e le testimonianze

Salvato in:
Dettagli Bibliografici
Autore principale: Mazzantini, Carlo (autor)
Natura: Libro
Lingua:italiano
Pubblicazione: Chiantore 1945
Serie:Testi e Studi di Filosofía e Pedagogía
Soggetti:
Tags: Aggiungi Tag
Nessun Tag, puoi essere il primo ad aggiungerne!!

MARC

LEADER 00000nam a2200000 a 4500
001 UCY5830
003 CL-VaPUC
008 950512e19450000IT |||||||||||||||||ita|d
082 0 4 |a 182.4  |b MAZ  |2 21 
100 |a Mazzantini, Carlo  |e autor  |9 335149 
245 1 0 |a Eraclito i frammenti e le testimonianze 
300 |a 310 p 
942 |c BK 
945 |d 19950512 00:00:00  |a oaravena 
260 |b Chiantore  |c 1945 
600 0 |a HERACLITO  |9 848988 
650 0 |a Filosofía   |9 223554 
650 0 |a Filosofía antigua   |9 255705 
650 0 |a Ética  |9 255099 
650 7 |a FRAGMENTOS FILOSOFICOS  |2 CL-VaPUC  |9 335151 
650 0 |a Presocráticos  |9 325852 
651 0 |a Grecia  |9 265314 
583 |a last modification  |c 20120828 09:38:08  |k Rodrigo Vera 
490 0 |a Testi e Studi di Filosofía e Pedagogía 
999 |c 233437  |d 233435 
952 |0 0  |1 0  |4 0  |6 182_400000000000000_MAZ_1945  |7 0  |8 P  |9 238975  |a BIBEDU  |b BIBEDU  |c BIBEDU_PB  |d 2019-11-18  |i 150004K  |o 182.4 MAZ 1945  |p 150004K  |r 2024-01-25  |w 2019-11-18  |y BK  |k FIL